Návrh technológie výroby veka spojky plošným tvárnením : Diplomová práca

Enregistré dans:
Détails bibliographiques
Auteur principal: Pikus, Rastislav (Auteur)
Autres auteurs: Kapustová, Mária, 1959- (xxx)
Format: Manuscrit Livre
Langue:slovaque
Publié: Trnava : STU v Bratislave MtF KTv, 2002
Sujets:
Tags: Ajouter un tag
Pas de tags, Soyez le premier à ajouter un tag!

MARC

LEADER 00000ntm a22000003a 4500
001 stu76432
005 20160719155032.4
008 020702s2002----xo------------------slo-d
040 |a STU  |b slo 
041 0 |a slo 
044 |a xo 
100 1 |a Pikus, Rastislav  |4 aut 
245 1 |a Návrh technológie výroby veka spojky plošným tvárnením :  |b Diplomová práca 
260 |a Trnava :  |b STU v Bratislave MtF KTv,  |c 2002 
300 |a 60 s  |c abstr. + príl. 
650 7 |a veká spojok  |2 stusub 
650 7 |a plošné tvárnenie  |2 stusub 
650 7 |a strojárske technológie  |2 stusub 
700 1 |a Kapustová, Mária,  |d 1959-  |4 xxx  |u M3000  |U MTF Materiálovotechnologická fakulta  |T MTF Ústav výrobných technológií  |X 209  |U M3000  |Y 83  |7 A000000209